000 00466nam a2200181Ia 4500
001 16531
005 20260306170316.0
008 260306t2018||||xx |||||||||||||| ||und||
041 _aESP
082 _a348.6
_bT67
100 _aTodolí Signes, Adrián
_eAUT
245 0 _aTrabajo en plataformas digitales:
_binnovación, derecho y mercado
260 _c2018
300 _a635 páginas :
_c24 cm.
650 _aGEN
654 _aCDE
942 _cLIB
_dJUS
_fJUS
_2ddc
_n
999 _c16531
_d16531